00356nam a2200133Ia 4500008004100000020001500041041001200056100001600068245005900084260003900143300000900182650001600191700001500207221030s9999 xx 000 0 und d a8131765586 aEnglish aS. K. Singh 0aDatabase Management Systemcby S. K. Singh, T. Conolly bPearson EdcuationaNew Delhic2013 a8.40 aBE Computer aT. Conolly